Cuentos para los que duermen con un ojo abierto / (Registro nro. 12221)
[ vista simple ]
| 000 -LEADER | |
|---|---|
| fixed length control field | 00948nam a22003017a 4500 |
| 001 - CONTROL NUMBER | |
| control field | 020045414 |
| 003 - CONTROL NUMBER IDENTIFIER | |
| control field | DO-SdBNP |
| 005 - DATE AND TIME OF LATEST TRANSACTION | |
| control field | 20180215102847.0 |
| 007 - PHYSICAL DESCRIPTION FIXED FIELD--GENERAL INFORMATION | |
| fixed length control field | 020045414 |
| 008 - FIXED-LENGTH DATA ELEMENTS--GENERAL INFORMATION | |
| fixed length control field | 161202b 1998 sp a ||||| |||| 00| 0 spa d |
| 020 ## - INTERNATIONAL STANDARD BOOK NUMBER | |
| International Standard Book Number | 8421611828 |
| 040 ## - CATALOGING SOURCE | |
| Original cataloging agency | BPMSU |
| Language of cataloging | spa |
| Transcribing agency | BPMSU |
| 082 ## - DEWEY DECIMAL CLASSIFICATION NUMBER | |
| Classification number | xxxx |
| Item number | xxxx |
| 100 1# - MAIN ENTRY--PERSONAL NAME | |
| Personal name | Janer Manila, Gabriel, |
| Dates associated with a name | 1940- |
| 245 10 - TITLE STATEMENT | |
| Title | Cuentos para los que duermen con un ojo abierto / |
| Statement of responsibility, etc. | Gabriel Janer Manila ; ilustración, Roser Rius ; traducción, Angelina Gatel. |
| 250 ## - EDITION STATEMENT | |
| Edition statement | 7ª ed. |
| 260 ## - PUBLICATION, DISTRIBUTION, ETC. (IMPRINT) | |
| Place of publication, distribution, etc. | Madrid : |
| Name of publisher, distributor, etc. | Bruño, |
| Date of publication, distribution, etc. | 1998. |
| 300 ## - PHYSICAL DESCRIPTION | |
| Extent | 121 p. : |
| Other physical details | il. ; |
| Dimensions | 21 c |
| 490 1# - SERIES STATEMENT | |
| Series statement | Alta mar., Cuentos |
| Volume/sequential designation | 27 |
| 500 ## - GENERAL NOTE | |
| General note | Incluye datos biográficos del autor |
| 500 ## - GENERAL NOTE | |
| General note | A partir de 10 años |
| 700 12 - ADDED ENTRY--PERSONAL NAME | |
| Personal name | Gatell, Angelina, |
| Relator term | tr. |
| 700 12 - ADDED ENTRY--PERSONAL NAME | |
| Personal name | Rius, Roser, |
| Relator term | il. |
| 830 #0 - SERIES ADDED ENTRY--UNIFORM TITLE | |
| Uniform title | Alta mar., Cuentos |
| Volume number/sequential designation | 27 |
| 942 ## - ADDED ENTRY ELEMENTS (KOHA) | |
| Source of classification or shelving scheme | Dewey Decimal Classification |
| Koha item type | Libros |
| 945 ## - LOCAL PROCESSING INFORMATION (OCLC) | |
| a | Inventariado, 2018 /LP |
| 956 ## - LOCAL ELECTRONIC LOCATION AND ACCESS (OCLC) | |
| Host name | LOPEREZ |
| Access number | 10 |
| Compression information | 20161202 |
| Processor of request | BPMSU |
| Withdrawn status | Lost status | Source of classification or shelving scheme | Damaged status | Not for loan | Collection code | Home library | Current library | Date acquired | Source of acquisition | Total Checkouts | Barcode | Date last seen | Price effective from | Koha item type |
|---|---|---|---|---|---|---|---|---|---|---|---|---|---|---|
| Dewey Decimal Classification | Colección Infantil General | Biblioteca Pública Metropolitana Salomé Ureña | Biblioteca Pública Metropolitana Salomé Ureña | 12/02/2016 | FUNDI | BPMSU16120047 | 12/02/2016 | 12/02/2016 | Libros |